History Quiz

Random History or Politics Quiz
Score 0/10 Timer 05:00
0 Plays Today
Question Answer Wrong Answers
Who is the stand-up comedian and co-founder of Comic Relief in 1985, born in Dudley, Westmidlands? ???
75%
???
0%
???
0%
???
0%
How many BAME people live in the UK? ???
75%
???
0%
???
25%
???
0%
Who was the first black minister of parliament in the UK? ???
50%
???
0%
???
25%
???
0%
Who is the Chancellor of the University of Birmingham? ???
50%
???
0%
???
0%
???
0%
What country does Mo Farah originate from? ???
50%
???
0%
???
0%
???
0%
Who starred alongside Tom Cruise in Mission: Impossible II and won a best-supporting actress BAFTA for her role in Crash, a film about racial and social tensions in LA? ???
25%
???
0%
???
0%
???
0%
Who is the first black footballer to play for England? ???
25%
???
0%
???
0%
???
0%
What was Stormzy's debut album? ???
25%
???
0%
???
0%
???
0%
What year did Sadiq Khan become the Mayor of London? ???
25%
???
25%
???
0%
???
0%
Who is the director of '12 Years a Slave'? ???
0%
???
0%
???
0%
???
0%
Remove Ads.
Support Sporcle.
Get the best of Sporcle when you Go Orange. This ad-free experience offers more features, more stats, and more fun while also helping to support Sporcle. Thank you for becoming a member.

You're not logged in!

Compare scores with friends on all Sporcle quizzes.
OR
Log In

Show Comments

Extras

Top Quizzes Today


Score Distribution

Your Account Isn't Verified!

In order to create a playlist on Sporcle, you need to verify the email address you used during registration. Go to your Sporcle Settings to finish the process.

Report this User

Report this user for behavior that violates our Community Guidelines.

Details: